May contain buts / (Record no. 3444)

MARC details
000 -LEADER
fixed length control field 01382nam a22002417a 4500
001 - CONTROL NUMBER
control field 3444
003 - CONTROL NUMBER IDENTIFIER
control field FISKH
005 - DATE AND TIME OF LATEST TRANSACTION
control field 20240710094937.0
008 - FIXED-LENGTH DATA ELEMENTS--GENERAL INFORMATION
fixed length control field 240306b cb ||||| |||| 00| 0 eng d
040 ## - CATALOGING SOURCE
Original cataloging agency FISK
Language of cataloging eng
Transcribing agency FISK
Modifying agency FISK
082 ## - DEWEY DECIMAL CLASSIFICATION NUMBER
Classification number 823.92
100 ## - MAIN ENTRY--PERSONAL NAME
Personal name Meres Jonathan
Dates associated with a name 1958-
245 ## - TITLE STATEMENT
Title May contain buts /
260 ## - PUBLICATION, DISTRIBUTION, ETC.
Place of publication, distribution, etc. London :
Name of publisher, distributor, etc. Orchard books,
Date of publication, distribution, etc. 2015
300 ## - PHYSICAL DESCRIPTION
Extent 273 pages :
Other physical details illustrations,
Dimensions 20 cm
490 ## - SERIES STATEMENT
Materials specified The world of norm
Series statement book 8
505 ## - FORMATTED CONTENTS NOTE
Formatted contents note K
520 ## - SUMMARY, ETC.
Summary, etc. The eighth hilarious title in the award-winning, laugh-out-loud series, The World of Norm. Perfect for fans of Tom Gates and Diary of a Wimpy Kid. Norm knew it was going to be one of those days when he went to the toilet, just for something to do... But things can only get better, right? WRONG! If only Brian and Dave hadn't found Dad's million year old aftershave. If only Mikey wasn't feeling lower than a snake's backside. If only Chelsea would hurry up and move! It's all ifs and buts though. Or should that be whiffs and butts? Either way it's just so flipping unfair! With brilliantly funny illustrations throughout from Donough O'Malley. Praise for Jonathan Meres: 'Hilarious stuff from one of my comic heroes!' - Harry Hill 'Jonathan Meres is flipping funny!' - Eddie Izzard
521 8# - TARGET AUDIENCE NOTE
Target audience note 550
Source Lexile
700 ## - ADDED ENTRY--PERSONAL NAME
Personal name Jonathan Meres
942 ## - ADDED ENTRY ELEMENTS (KOHA)
Source of classification or shelving scheme Dewey Decimal Classification
Koha item type Books
Suppress in OPAC No
Holdings
Withdrawn status Lost status Source of classification or shelving scheme Damaged status Not for loan Collection Home library Current library Shelving location Date acquired Total Checkouts Full call number Barcode Date last seen Date last checked out Copy number Price effective from Koha item type
    Dewey Decimal Classification     Juvenile Fiction Footprints International School Library Network Toul Kork Campus Footprints International School Library Network Toul Kork Campus TK Primary Library Room(4th Floor), Bookcase 3&4, Shelves 17-32, Yellow Books 07/10/2024   MER 823.92 FISTK05301 07/10/2024   2 07/10/2024 Books
    Dewey Decimal Classification     Fiction Footprints International School Library Network Toul Kork Campus Footprints International School Library Network Toul Tom Poung Campus   03/06/2024 1 MER 823.92 2024-0241 03/25/2026 03/11/2026 1 03/06/2024 Books